Environmentálne zdravie : vplyv kontaminácie geologického prostredia na zdravotný stav obyvateľov SR

Podrobná bibliografia
Hlavní autori: Cvečková, V. (Author), Khun, M. (Author), Krčmová, K. (Author), Letkovičová, M. (Author), Rapant, S. (Author)
Médium: Článok
Jazyk:Slovak
Témy:
Zdroj: 1. Enviromagazín 1. 1335-1877 1. Roč. 12, č. 2 (2007)
2. [Príl.] Prílohy k článkom 2. S. 27-31
LEADER 01087nab#a2200361#ar4500
001 000085331
003 SVKKK
005 20070816134708.0
008 070816c2007 xo e slo
FMT
038 |a SVKKK 
040 |a SVKKK  |b slo  |e AACR2 
041 0 |a slo 
044 |a xo  |c SK 
080 |a 504.054:616-092.11  |2 1997 
080 |a 551.1/.4:504.054  |2 1997 
245 0 0 |a Environmentálne zdravie :  |b vplyv kontaminácie geologického prostredia na zdravotný stav obyvateľov SR  |c S. Rapant ... [et al.] 
300 |b Obr., tab. 
650 0 4 |a geologické prostredie  |x znečistenie  |x zdravie ľudí  |x vplyvy  |x vzťahy  |z Slovensko 
650 0 4 |a zdravie ľudí  |x znečistenie prostredia  |x vplyvy 
700 1 |a Cvečková, V.  |4 aut 
700 1 |a Khun, M.  |4 aut 
700 1 |a Krčmová, K.  |4 aut 
700 1 |a Letkovičová, M.  |4 aut 
700 1 |a Rapant, S.  |4 aut 
773 0 |t Enviromagazín  |x 1335-1877  |g Roč. 12, č. 2 (2007) 
773 0 |t [Príl.] Prílohy k článkom  |g S. 27-31 
974 |a MI 
992 |a RBX 
BAS
852 |a SVKKK  |b BIB 
EXP
998 |a SLO